00476 2200205 4500001002100000008004100021035002000062245004800082100002000130250000600150260001900156300001200175084001400187082000800201650001300209990001200222990001200234990001200246990001200258INLIS000000000000673 ind  a0010-0424000649 aMenggambar Dengan KomputercSuharno Widi N. aWidi N, Suharno a1 aJakarta :bBSD a102 hlm a600 SUH m a600 aNonfiksi a0721746 a0721747 a0721748 a0721749